Largest Deserts in the World - Statistics

General Stats
  • This quiz has been taken 29 times
  • The average score is 6 of 15
Answer Stats
Rank Answer % Correct
3 Sahara
100%
6 Gobi
93%
1 Antarctica
74%
7 Kalahari
70%
2 Arctic
59%
5 Arabian
52%
4 Australian
44%
14 Sonoran
26%
11 Chihuahuan
22%
8 Patagonian
19%
9 Syrian
19%
10 Great Basin
15%
13 Colorado Plateau
7%
12 Karakum
7%
15 Kyzylkum
4%
No matching quizzes found
Score Distribution
Percent of People with Each Score
Percentile by Number Answered
Your Score History
You have not taken this quiz